000 01623nam a22003137a 4500
999 _c23503
_d23503
003 AR-CdUCM
008 260127b2025 pe ||||| |||| 00| 0 spa d
020 _a978-612-46911-4-0
040 _aMUNICIPALIDAD PROVINCIAL DEL CUSCO
_cBIBLIOTECA MUNICIPAL DEL CUSCO
041 _hspa
082 _a370.1965 /
_bP77
110 u _aFundación Universitaria para la Investigación, Desarrollo, Ciencia y Cultura San Antonio Abad del Cusco (FUNSAAC) / Convenio ARES-UNSAAC
_952266
245 _aLa Cooperación Belga en la Unsaac :
_bConvenio ARES-UNSAAC 2014 - 2022 /
260 _aCusco :
_bLuz Marina Ponce Aranibar,
_c2025.
300 _a56 páginas. :
_c15 x 20 cm.
505 _aContenido : Los antecedentes: del CIUF a ARES -- El programa de Apoyo Institucional UNSAAC -- La primera etapa: 2014-2016 -- La segunda 2017-2019 -- La tercera 2020-2022 -- La estrategia de trabajo -- El apoyo a la Responsabilidad Social Universitaria -- El Centro de Desarrollo Docente - CEDOC -- Ocongate: una experiencia piloto de investigación interdiciplinaria -- El enfoque de género en la intervención -- Acerca de la sostenibilidad de los resultados....
650 _aObjetivos estratégicos
_952267
650 _aResultados esperados
_952268
650 _aActividades realizadas
_952269
650 _aDesarrollo humano
_93459
650 _aBiodiversidad
_919327
650 _aCompetitividad
_952270
650 _aPrincipales actividades
_952271
650 _aLecciones aprendidas
_935797
650 _aLa articulación
_952272
650 _aEstrategia de trabajo
_952273
942 _2ddc
_cLIBROS
945 _ajmcs
_d27/01/2026